书目信息 |
| 题名: |
爱丽斯奇境历险记
|
|
| 作者: | 卡罗尔 著 ;吴钧陶 译 | |
| 分册: | ||
| 出版信息: | 上海 上海译文出版社 2007.03 |
|
| 页数: | 138页 | |
| 开本: | 20cm | |
| 丛书名: | 译文名著文库 | |
| 单 册: | ||
| 中图分类: | I561.45 | |
| 科图分类: | ||
| 主题词: | 童话--tong hua--英国--近代 | |
| 电子资源: | ||
| ISBN: | 978-7-5327-4195-3 | |
| 000 | 01035nam 2200277 450 | |
| 001 | 012008370703 | |
| 005 | 20080602170458.26 | |
| 010 | @a978-7-5327-4195-3@dCNY8.00 | |
| 100 | @a20080602d2007 em y0chiy0120 ea | |
| 101 | 1 | @achi@ceng |
| 102 | @aCN@b310000 | |
| 105 | @ay z 000fy | |
| 106 | @ar | |
| 200 | 1 | @a爱丽斯奇境历险记@Aai li si qi jing li xian ji@f(英) 刘易斯·卡罗尔著@F(ying)liu yi si·ka luo er zhu@d= Alice wonderland@fLwwis Carroll@g吴钧陶译@Gwu jun tao yi@zeng |
| 210 | @a上海@c上海译文出版社@d2007.03 | |
| 215 | @a138页@d20cm | |
| 225 | 2 | @a译文名著文库@Ayi wen ming zhu wen ku |
| 330 | @a本书是儿童文学中一部不朽之作,讲述一个梦幻般的故事,由一个小姑娘奇境般的历险为读者展示了儿童世界的纯真与童趣。 | |
| 410 | 0 | @12001 @a译文名著文库 |
| 500 | 10 | @aAlice wonderland@mChinese |
| 606 | 0 | @a童话@Atong hua@y英国@z近代 |
| 690 | @aI561.45@v4 | |
| 701 | 1 | @a卡罗尔@Aka luo er@b(Carroll, Lwwis)@4著 |
| 702 | 0 | @a吴钧陶@Awu jun tao@4译 |
| 801 | 0 | @aCN@bQSSK@c20080602 |
| 905 | @b722058-60@dI561.45@eK060@f3 | |
| 爱丽斯奇境历险记/(英) 刘易斯·卡罗尔著= Alice wonderland/Lwwis Carroll/吴钧陶译.-上海:上海译文出版社,2007.03 |
| 138页;20cm.-(译文名著文库) |
| ISBN 978-7-5327-4195-3:CNY8.00 |
| 本书是儿童文学中一部不朽之作,讲述一个梦幻般的故事,由一个小姑娘奇境般的历险为读者展示了儿童世界的纯真与童趣。 |
| ● |
| 相关链接 |
|
|
|
正题名:爱丽斯奇境历险记
索取号:I561.45/K060
 
预约/预借
| 序号 | 登录号 | 条形码 | 馆藏地/架位号 | 状态 | 备注 |
| 1 | 722058 | 207220586 | 文学库116/116文学库 21排1列3层/ [索取号:I561.45/K060] | 在馆 | |
| 2 | 722059 | 207220595 | 社科二线422/116文学库 21排1列3层/ [索取号:I561.45/K060] | 在馆 | |
| 3 | 722060 | 207220602 | 社科二线422/116文学库 21排1列3层/ [索取号:I561.45/K060] | 在馆 |